Quizzes
Events
Quiz Creation
Community
Videos
Private Events
Remove Ads
Sign In
Join for FREE
Feedback
Dark Mode
Quiz Categories
Sports
Geography
Music
Movies
Television
Just For Fun
Miscellaneous
History
Literature
Language
Science
Gaming
Entertainment
Religion
Holiday
For Kids
Quiz Lab
Recent
Popular Today
Quiz Kudos Today
Editor Picks
Curator Picks
Quizzes by...
Day
Popularity
Type
Ratings
Length
Year
Community
Subscriptions
Recent Discussions
Orange Saloon
Badges
Playlists
Quests
Create
Leaderboards
Showdown
Live 5
Trivia Bingo
Activity
Puzzle Library
Sporcle Events
Private Events
Virtual Trivia
Globe League
Become a Host
Pub Owners
SporcleCon
Opinionation
Our Games
Videos
Blog
Mobile Apps
Partnerships
Remove Ads and Go Orange
Feedback
Sports
Athletes
MLB
NBA
NHL
NFL
Soccer
Sports Teams
WWE
NCAA
Football
Premier League
Basketball
Baseball
Hockey
Golf
Tennis
Cricket
Rugby
Auto Racing
Olympics
World Cup
Sports
Athletes
MLB
NBA
NHL
NFL
Soccer
Sports Teams
WWE
NCAA
Football
Premier League
Basketball
Baseball
Hockey
Golf
Tennis
Cricket
Rugby
Auto Racing
Olympics
World Cup
Random Quiz
Search Sporcle
×
Quiz Lab
Quiz Lab
Sports
arena
Type in answers that appear in a list
Type in answers that appear in a list
Classic
Best Score? Go Orange.
Pundit Arena Daily Sports Quiz Challenge – Day 56 Stats
Pundit Arena Daily Sports Quiz Challenge – Day 56
By
Pundit_Arena
5m
20 Questions
6,245 Plays
6,245 Plays
6,245 Plays
Comments
Comments
Give Quiz Kudos
Give Quiz Kudos
-
- Ratings
hide this ad
Replay
Link that replays current quiz
Next Quiz
Link to next quiz in quiz playlist
You Got
0%
They Got
Avg Score
56%
Avg Friend Score
Upgrade to see
Score Distribution
Jump to the score distribution portion of the page
Score
0/20
Timer
05:00
0
Plays Today
Hint
Answer
% Correct
You would use a shuttlecock in what sport?
Badminton
84%
'Swing Low, Sweet _
_
_
_
' -
famous England rugby anthem
Chariot
81%
'Butterfly' is a term used in what sport?
Swimming
76.2%
Winners of the very first FIFA World Cup
Uruguay
75.9%
Newcastle's £40m Brazilian striker
Joelinton
71.2%
The Astros, Texans and Rockets are teams in what US City?
Houston
70.4%
Scored the equaliser for Man Utd in 1999 CL final v Bayern Munich
Teddy Sheringham
69.8%
The last player to win the Ballon d'Or that wasn't Messi, Ronaldo or Modric
Kaka
68.9%
Tyson Fury's most recent win came against who?
Deontay Wilder
64.6%
Irish player who was sent off for Sheffield United at the weekend
John Egan
63.9%
Hint
Answer
% Correct
This golfer is currently ranked no.1 in the world
Rory McIlroy
61.3%
Leading try scorer for Ireland
Brian O'Driscoll
60.4%
The first Rugby World Cup was held in what year?
1987
58.4%
San Jose _
_
_
_
-
are an MLS (soccer) team
Earthquakes
51.7%
The name of Watford's stadium
Vicarage Road
49.3%
Norwich City manager
Daniel Farke
37.3%
The last player to win a men's Grand Slam title that wasn't Nadal, Federer or Djokovic
Stan Wawrinka
32%
Golden Boot winner for the 2010/
11 Premier League season
Dimitar Berbatov
27.5%
USA captain for 2020 Ryder Cup
Steve Stricker
20.4%
Title of famous film/
documentary on 'Rumble In The Jungle' [Ali v Foreman in 1974]
When We Were Kings
8.7%
Quiz Playlist
Details
Report
Send in Message
Add To Playlist
Classic:
Type in answers that appear in a list
Last Updated: Jun 22, 2020
Quiz Scoreboard
CHALLENGE
Sign Up to Join the Scoreboard
Show All
Scores
Hide
Comments
May contain spoilers
Recently Published
9x9 Crossword: Cartoon Network
by jackfrog10
Miscellaneous
3m
College Basketball Coaching Resumes
by pancakes188
Sports
9m
Billboard Blitz: Fleetwood Mac
by CooCooCachoo
Music
15s
More to Explore
Quiz From the Vault
Featured Blog Post
Where Did the Easter Bunny Come From?
hide this ad
You Might Also Like...
Tags
arena
challenge
Daily
pundit
Today's Top Quizzes in Sports
Browse Sports
hide this ad
Today's Top Quizzes in arena
Browse arena
Top Contributed Quizzes in Sports
1
2022 World Cup Stars
2
Les meilleurs buteurs des matchs entre le PSG et l’OM
3
FIFA Club World Cup Champions
4
Les entraîneurs de l'OM et du PSG au 21e siècle
5
Criteria MLB: Left Handed Sluggers
6
AFC Teams Reveal (Wrong Answers Minefield)
7
2023 MLB Unique Player Accomplishments
8
5-to-1: FBS Animal Nicknames
9
Players with Multiple 50 Home Run Seasons
10
5-to-1: UK Sports Teams
Explore More
Trending Topics
Kpop
Anime
Harry Potter
Disney
Crossword
Marvel
NBA
Country
Soccer
Song
NFL
WWE
Puzzle
The Office
Pokémon
hide this ad
More By:
Pundit_Arena
Quiz
Plays
Rating
Category
Featured
Created
MOTD goal quiz
57,554
4.71
Sports
Jul 29, 2020
Name every player to score a PL penalty for Man United
52,260
5.00
Sports
Jan 6, 2021
Name Every Fifa World Cup Winner since 1930
41,026
3.92
Sports
Feb 10, 2021
Guess The Nationalities of the Following Footballers
39,325
4.80
Sports
Jan 29, 2021
Name every Portuguese player to play for Man United
39,322
5.00
Sports
Dec 29, 2020
Go to Creator's Profile
Score Distribution
Quiz Creator Spotlight
Pundit_Arena
Follow
Send a Message
Quizzes Created
-
Created Quiz Play Count
-
More By This Creator
Popular Quizzes Today
1
Find the US States - No Outlines Minefield
2
Find the Countries of Europe - No Outlines Minefield
3
The Countries of the World
4
Find the US States
5
Risky Map Clicking: Biggest States A-Z
6
US States
7
Popular People in 1961
8
Movies - When Are They Set?
More Sports Quizzes
Premier League Winners: Top Scorers
Editor's Pick
Trending Quizzes
Risky Map Clicking: Least Populous States A-Z
1-10 Letter G Words
1-10 Letter F Words
Risky Map Clicking: Next State Alphabetically
Adjectives in 80s TV Shows
Recently Updated
Leaping Animals
pecheneg
Reality TV Shows (A-Z)
bhenderson79
Rickey Henderson's Hall of Fame Teammates
pecheneg
Champions League XIs: Arsenal
pecheneg
Quick Pick: Celebrities in WWE's Hall of Fame
aduchscher
A-Z Keypad Blitz II
pecheneg
Multiple Oscar Actors
pecheneg
Mystery Phrase Blitz: Oscar 'Best Actors'
pecheneg
F. Scott Fitzgerald Novels
LTH
Pick 3 Villains
ddd62291
Trending Topics
Crossword
Harry Potter
NBA
Marvel
Anime
Disney
Kpop
The Office
Pokémon
WWE
Soccer
Country
Puzzle
NFL
Song
Your Account Isn't Verified!
In order to create a playlist on Sporcle, you need to verify the email address you used during registration. Go to your
Sporcle Settings
to finish the process.
Report this User
Report this user for behavior that violates our
Community Guidelines
.
Details:
Send Report
Go to the Sporcle.com Mobile Site →
Comments